UM Logo

Supervision, key link to productivity / (Record no. 4983)

MARC details
000 -LEADER
fixed length control field 01072cam a22003014a 4500
001 - CONTROL NUMBER
control field 13087227
005 - DATE AND TIME OF LATEST TRANSACTION
control field 20160930182033.0
008 - FIXED-LENGTH DATA ELEMENTS--GENERAL INFORMATION
fixed length control field 030210s2004 maua b 001 0 eng
010 ## - LIBRARY OF CONGRESS CONTROL NUMBER
LC control number 2003043626
020 ## - INTERNATIONAL STANDARD BOOK NUMBER
International Standard Book Number 0-07-282924-9 (alk. paper)
040 ## - CATALOGING SOURCE
Original cataloging agency DLC
Transcribing agency DLC
Modifying agency DLC
042 ## - AUTHENTICATION CODE
Authentication code pcc
050 00 - LIBRARY OF CONGRESS CALL NUMBER
Classification number HF5549
Item number .R7825 2004
082 00 - DEWEY DECIMAL CLASSIFICATION NUMBER
Classification number DC 658.302
Edition number 2004
Item number R83s
100 1# - MAIN ENTRY--PERSONAL NAME
Personal name Rue, Leslie W.
245 10 - TITLE STATEMENT
Title Supervision, key link to productivity /
Statement of responsibility, etc. Leslie W. Rue, Lloyd L. Byars.
246 30 - VARYING FORM OF TITLE
Title proper/short title Supervision
250 ## - EDITION STATEMENT
Edition statement Eight Edition
260 ## - PUBLICATION, DISTRIBUTION, ETC. (IMPRINT)
Place of publication, distribution, etc. Boston :
Name of publisher, distributor, etc. McGraw-Hill,
Date of publication, distribution, etc. c2004.
300 ## - PHYSICAL DESCRIPTION
Extent xviii, 414 pages :
Other physical details illustration ;
Dimensions 26 cm.
504 ## - BIBLIOGRAPHY, ETC. NOTE
Bibliography, etc Includes bibliographical references and index.
650 #0 - SUBJECT ADDED ENTRY--TOPICAL TERM
Topical term or geographic name as entry element Supervision of employees.
700 1# - ADDED ENTRY--PERSONAL NAME
Personal name Byars, Lloyd L.
856 41 - ELECTRONIC LOCATION AND ACCESS
Materials specified Table of contents only
Uniform Resource Identifier <a href="http://www.loc.gov/catdir/enhancements/fy0702/2003043626-t.html">http://www.loc.gov/catdir/enhancements/fy0702/2003043626-t.html</a>
906 ## - LOCAL DATA ELEMENT F, LDF (RLIN)
a 7
b cbc
c orignew
d 1
e ocip
f 20
g y-gencatlg
942 ## - ADDED ENTRY ELEMENTS (KOHA)
Source of classification or shelving scheme Dewey Decimal Classification
Koha item type Circulation
Holdings
Withdrawn status Lost status Source of classification or shelving scheme Damaged status Not for loan Collection code Home library Current library Date acquired Source of acquisition Total Checkouts Full call number Barcode Date last seen Price effective from Koha item type
    Dewey Decimal Classification     Circulation UM Digos College - LIC UM Digos College - LIC 01/23/2007 Purchased   DC 658.302 R83s 2004 18907 05/15/2025 09/30/2016 Circulation